| 000 | 00537cam a2200193ua 4500 | ||
|---|---|---|---|
| 020 | _a818504662 x | ||
| 082 |
_a628.1140287 _bSAC/MA |
||
| 100 |
_aScalf, Marian R. _91625 |
||
| 100 |
_aMcNabb, James F _91626 |
||
| 100 |
_aDunlap, Williams J _91627 |
||
| 100 |
_aCosby, Roger L _91628 |
||
| 100 |
_aFryberger, John S _91629 |
||
| 245 | _aManual of Ground Water Quality Sampling Procedures / | ||
| 250 | _a1 / | ||
| 260 |
_aJodhpur : _bScientific Publishers , _c1987. |
||
| 300 | _a93 ; . | ||
| 700 | 1 |
_a . _91630 |
|
| 942 | _cREF | ||
| 999 |
_c5538 _d5538 |
||